Statistics for Tori Amos Album and Song Titles

Click here to take the quiz!

General Stats

  • This quiz has been taken 183 times
    (56 since last reset)
  • The average score is 128 of 248

Answer Stats

% Correct
12 | 1st Album (1992)Little Earthquakes
100%
2nd Album (1994)Under the Pink
100%
3rd Album (1996)Boys for Pele
93%
8Cornflake Girl
93%
1Crucify
93%
4th Album (1998)From the Choirgirl Hotel
93%
2Girl
93%
4 | 5Precious Things
93%
1Pretty Good Year
89%
1Spark
89%
5 | 8Winter
89%
1Bliss
85%
2God
85%
10Hotel
85%
8Leather
85%
9Mother
85%
4Professional Widow
85%
3 | 13Silent All These Years
85%
4Strange
85%
7China
81%
16 | 6th Album (2002)Scarlet's Walk
81%
3Strange Little Girl
81%
Cover Album (2001)StrangeLittleGirls
81%
14 | 7th Album (2005)The Beekeeper
81%
2Cruel
78%
3Father Lucifer
78%
6Happy Phantom
78%
9Icicle
78%
11Me and a Gun
78%
13th Album (2021) | 6Ocean to Ocean
78%
12Pandora's Aquarium
78%
4Raspberry Swirl
78%
5th Album (1999)to venus and back
78%
1America
74%
5Baker Baker
74%
6 | 18 | Orchestral Remakes (2012)Gold Dust
74%
8She's Your Cocaine
74%
3Black-Dove (January)
70%
3Bouncing Off Clouds
70%
7Caught a Lite Sneeze
70%
9Hey Jupiter
70%
3 | 5Jackie's Strength
70%
2Juarez
70%
5Mr. Zebra
70%
9Northern Lad
70%
11Space Dog
70%
11 | 9th Album (2009)Abnormally Attracted to Sin
67%
8th Album (2007)American Doll Posse
67%
1Beauty Queen / Horses
67%
2Blood Roses
67%
7Liquid Diamonds
67%
11Pancake
67%
4Past the Mission
67%
11Playboy Mommy
67%
12Talula (The Tornado Mix)
67%
7The Waitress
67%
6The Wrong Band
67%
11 | 11th Album (2014)Unrepentant Geraldines
67%
17Virginia
67%
2 | 12Yes, Anastasia
67%
2A Sorta Fairytale
63%
3Bells For Her
63%
4 | 10Cloud on My Tongue
63%
9Datura
63%
6i i e e e
63%
4Jamaica Inn
63%
6 | 12Marianne
63%
8Muhammad My Friend
63%
10Tear in Your Hand
63%
111000 oceans
59%
6Crazy
59%
12I Can't See New York
59%
13Ireland
59%
7Josephine
59%
11Little Amsterdam
59%
10th Album (2011) | 12Night of Hunters
59%
17Putting the Damage On
59%
3Wednesday
59%
1Amber Waves
56%
3concertina
56%
15Doughnut Song
56%
4glory of the 80's
56%
5Lust
56%
15Martha's Foolish Ginger
56%
Xmas Album (2009)Midwinter Graces
56%
13Mrs. Jesus
56%
12th Album (2017)Native Invader
56%
13Not the Red Baron
56%
6Rattlesnakes
56%
18Twinkle
56%
7Wampum Prayer
56%
10Your Cloud
56%
5Carbon
52%
10Cars and Guitars
52%
7General Joy
52%
17Goodbye Pisces
52%
10Happiness is a Warm Gun
52%
16In the Springtime of His Voodoo
52%
1Parasol
52%
10spring haze
52%
6suede
52%
9Sweet Sangria
52%
14Taxi Ride
52%
3The Power of Orange Knickers
52%
19Toast
52%
10Way Down
52%
14Agent Orange
48%
15Another Girl's Paradise
48%
9Bang
48%
5Barons of Suburbia
48%
2Big Wheel
48%
8Don't Make Me Come to Vegas
48%
4Enjoy the Silence
48%
18Marys of the Sea
48%
12Original Sinsuality
48%
8Promise
48%
9Ribbons Undone
48%
6Sleeps with Butterflies
48%
5Spies
48%
2Sweet the Sting
48%
7Time
48%
2Welcome to England
48%
11Witness
48%
9Giant's Rolling Pin
44%
16Hoochie Woman
44%
9I Don't Like Mondays
44%
5I'm Not in Love
44%
13Mary's Eyes
44%
8Mother Revolution
44%
1New Age
44%
21Posse Bonus
44%
11Bats
41%
12Benjamin
41%
1 | 4Flavor
41%
8Heart of Gold
41%
1Reindeer King
41%
8riot poof
41%
16Roosterspur Bridge
41%
2Speaking With Trees
41%
1Yo George
41%
10Climb
37%
15Code Red
37%
7Curtain Call
37%
5Digital Ghost
37%
8Fat Slut
37%
8Fire to Your Plain
37%
9 | 14Girl Disappearing
37%
6Maybe California
37%
10 | 14Programmable Soda
37%
11Raining Blood
37%
12Real Men
37%
10Secret Spell
37%
1Shattering Sea
37%
2Snowblind
37%
3Strong Black Vine
37%
6You Can Bring Your Dog
37%
616 Shades of Blue
33%
18Almost Rosey
33%
3Battle of Trees
33%
12Body and Soul
33%
8Chocolate Song
33%
4Cloud Riders
33%
20Dark Side of the Sun
33%
11Devils and Gods
33%
23Dragon
33%
13Father's Son
33%
7Flowers Burn to Gold
33%
1Give
33%
17Lady in Blue
33%
8Metal Water Wood
33%
7Mr. Bad Man
33%
16Ophelia
33%
9Police Me
33%
10Selkie
33%
22Smokey Joe
33%
14Starling
33%
2 | 7Star of Wonder
33%
4Swim to New York State
33%
4Teenage Hustling
33%
10That Guy
33%
4Wedding Day
33%
7Wildwood
33%
929 Years
30%
12500 Miles
30%
2'97 Bonnie & Clyde
30%
1Addition of Light Divided
30%
3A Silent Night With You
30%
11Birthday Baby
30%
6Breakaway
30%
3Broken Arrow
30%
5Cactus Practice
30%
3Devil's Bane
30%
15Fast Horse
30%
10How Glass Is Made
30%
7Job's Coffin
30%
7Maids of Elfen-Mere
30%
5Not Dying Today
30%
13Rose Dover
30%
2Trouble's Lament
30%
5Up The Creek
30%
19Velvet Revolution
30%
1What Child, Nowell
30%
2Wings
30%
17Beauty of Speed
26%
14Carry
26%
4Fearlessness
26%
13Mary Jane
26%
12Oysters
26%
6Star Whisperer
26%
5Weatherman
26%
3Wild Way
26%
4Candle: Coventry Carol
22%
9Flying Dutchman
22%
6Harps of Gold
22%
14Invisible Boy
22%
8Jeanette, Isabella
22%
12Our New Year
22%
9Pink and Glitter
22%
13Seven Sisters
22%
7Snow Angel
22%
11The Chase
22%
10Emmanuel
19%
8Nautical Twilight
19%
11Snow Cherries from France
19%
5Holly, Ivy, and Rose
15%
11Winter's Carol (from 'The Light Princess')
15%
10Edge of the Moon
11%
9Your Ghost
11%

Score Distribution

Percentile by Number Answered

Percent of People with Each Score

Your Score History

You have not taken this quiz since the last reset